000 00321nam a22001457a 4500
008 211019b ||||| |||| 00| 0 eng d
020 _a9781437727753
041 _aeng
080 _24th
_a610.73
082 _a610.73
100 _a2
101 _aINF
245 _aMaternal-Child Nursing
_cKinney,M
942 _2udc
_cBK
999 _c58281
_d58281